| 000 | 01430nam a22002657a 4500 | ||
|---|---|---|---|
| 001 | 8850 | ||
| 003 | FISKH | ||
| 005 | 20260422160622.0 | ||
| 008 | 251023b cb ||||| |||| 00| 0 eng d | ||
| 040 |
_aFISKH _bkhr _cFISKH _dFISKH |
||
| 082 | _a372.21 | ||
| 100 | _aMontenegro, Salvacion C. | ||
| 245 |
_aតើអ្នកណាជាគ្រូបង្រៀនខ្ញុំពេលចូលរៀនវិញ / _cBy Salvacion C. Montenegro |
||
| 260 | _c2020. | ||
| 300 |
_a8 pages : _bcolor illustrations ; _c30 cm . |
||
| 505 | _aJ | ||
| 520 | _aកុមារនៅក្នុងរឿងនេះមានការឆ្ងល់ថា តើនរណានឹងជាគ្រូបង្រៀនគាត់ នៅពេលដែលគាត់ត្រលប់ទៅសាលាវិញ បន្ទាប់ពីការរីករាលដាលនៃជំងឺកូវីដបានចប់។ | ||
| 520 | _aThe children in this story wonders who will teach him when he returns to school after COVIDS has ended . | ||
| 521 | 8 |
_a480
_bLexile estimate |
|
| 521 | 8 |
_aJ
_bRaz-Plus |
|
| 650 |
_aតើអ្នកណាជាគ្រូបង្រៀនខ្ញុំពេលចូលរៀនវិញ ? _vរឿងនិទានកុមារ |
||
| 650 |
_vWho will be my teacher when I return to school? _2Children's Stories |
||
| 942 |
_2ddc _cKHB _n0 |
||
| 999 |
_c8850 _d8850 |
||